LEADER 03019nam 2200517 450 001 9910148597103321 005 20230808200240.0 010 $a1-4555-3450-1 010 $a1-4555-3452-8 035 $a(CKB)3710000000921767 035 $a(MiAaPQ)EBC5366801 035 $a(Au-PeEL)EBL5366801 035 $a(OCoLC)949853927 035 $a(EXLCZ)993710000000921767 100 $a20220803h20162016 uy 0 101 0 $aeng 135 $aurcnu|||||||| 181 $ctxt$2rdacontent 182 $cc$2rdamedia 183 $acr$2rdacarrier 200 10$aAction $ea book about sex /$fAmy Rose Spiegel 210 1$aNew York, New York :$cGrand Central Publishing,$d[2016] 210 4$dİ2016 215 $a1 online resource (214 pages) 311 $a1-4555-3449-8 320 $aIncludes bibliographical references and index. 327 $aIntro -- Title Page -- Welcome -- Dedication -- Epigraph -- Introduction -- PART I -- Age of Consent -- Gender, Neutrally -- Boy About Town -- Alone in the Bone Zone -- Become Yourself -- From the Inside Out -- Introducing Everyone -- No, I Still Want to Lick a Face from the Web -- Whom Should You Bone? -- Some Notes on Grooming -- PART II -- Protect Me from What I Want -- In the Act -- PART III -- Mistakes Were Made -- The Case for Celibacy -- On Sluts -- Further Resources -- Acknowledgments -- About the Author -- Newsletters -- Table of Contents -- Copyright. 330 $a"With whip-smart prose, reminiscent of Roxane Gay and Meghan Daum, ACTION interweaves Spiegel's own sexual autobiography with loving advice on one-night stands, relationships, and everything in between. ACTION is a book about sex that people won't feel embarrassed about owning. There are absolutely zero provocatively shaped fruit on the cover, for one. In ACTION, Amy Rose Spiegel exhorts you to trust yourself and be respectful of others--and to have the best possible time doing the things you search for on the Internet, except in reality. The book covers consent, safety, group sex, gender, and the best breakfast to make for a one-night stand. Spiegel also includes dissections of threesomes, how to pick people up without being a skeezer, celibacy as a display of autonomy, and, of course, how to clean your room in 10 minutes if a devastatingly lovely side-piece is about to stop by. All told, ACTION totally doesn't think it's weird that you want to try that thing together. In fact, ACTION is very into it"--$cProvided by publisher. 606 $aSex instruction 606 $aSex 606 $aSexual excitement 606 $aSexual intercourse 615 0$aSex instruction. 615 0$aSex. 615 0$aSexual excitement. 615 0$aSexual intercourse. 676 $a306.7 686 $aSEL016000$aSEL023000$aSEL034000$aHUM000000$2bisacsh 700 $aSpiegel$b Amy Rose$01207943 801 0$bMiAaPQ 801 1$bMiAaPQ 801 2$bMiAaPQ 906 $aBOOK 912 $a9910148597103321 996 $aAction$92786821 997 $aUNINA LEADER 00964nam0 22002771i 450 001 UON00207147 005 20231205103318.820 010 $a96-12-26046-X 100 $a20030730d1995 |0itac50 ba 101 $aslv 102 $aSI 105 $a|||| 1|||| 200 1 $aMisterij ?ene$fZofka Kveder 210 $aLjubljana$cKarantanija$d1995 215 $a113 p.$d20 cm. 410 1$1001UON00174132$12001 $aOrfej$1210 $aLjubljana. 620 $aSI$dLubiana$3UONL002905 676 $a891.84$cLetteratura slovena$v21 700 1$aKVEDER$bZofka$3UONV124368$0681822 712 $aKarantanija$3UONV272333$4650 801 $aIT$bSOL$c20240220$gRICA 899 $aSIBA - SISTEMA BIBLIOTECARIO DI ATENEO$2UONSI 912 $aUON00207147 950 $aSIBA - SISTEMA BIBLIOTECARIO DI ATENEO$dSI SLOVENO A II 0015 $eSI EO 25957 5 0015 996 $aMisterij zene$91259320 997 $aUNIOR